LIBRARY & INFORMATION CENTRE, KCAET, TAVANUR

ONLINE PUBLIC ACCESS CATALOGUE (OPAC)

Genetically Modified Crops and its Future (Record no. 14675)

MARC details
000 -LEADER
fixed length control field 00303nam a22001217a 4500
020 ## - INTERNATIONAL STANDARD BOOK NUMBER
ISBN 9788192173863
082 ## - DEWEY DECIMAL CLASSIFICATION NUMBER
Classification number 633.08
Item number PAR/GE
245 ## - TITLE STATEMENT
Title Genetically Modified Crops and its Future
260 ## - PUBLICATION, DISTRIBUTION, ETC. (IMPRINT)
Place of publication New Delhi
Name of publisher Bio - Green Books
Year of publication 2012
300 ## - PHYSICAL DESCRIPTION
Number of Pages 304
700 ## - ADDED ENTRY--PERSONAL NAME
Personal name Parthasarathi M.
942 ## - ADDED ENTRY ELEMENTS (KOHA)
Koha item type Books
Holdings
Withdrawn status Lost status Damaged status Collection code Home library Current library Shelving location Date acquired Source of acquisition Cost, normal purchase price Full call number Accession Number Koha item type
        KAUAET KAUAET General Stacks 25/07/2016 Universal Research Books. 925.00 633.08 PAR/GE 24291 Books
free website counter